Score 0/14 Timer 02:00
0 Plays Today
Scrambled Unscrambled % Correct
LOGOGEGOOGLE
92.7%
BAYEEBAY
86.7%
PALEPAPPLE
79.9%
PELYYELP
79.6%
REWTITTTWITTER
79.3%
ZOMANAAMAZON
72%
KOABFOCEFACEBOOK
70.1%
Scrambled Unscrambled % Correct
PEROCLSSPORCLE
69.3%
TINFLEXNETFLIX
50.6%
DOGDAYDGODADDY
35.4%
BYOTEUUYOUTUBE
31%
TLINEINTEL
28.8%
ROOMSTIFCMICROSOFT
23.1%
POGORUNGROUPON
20%

You're not logged in!

Compare scores with friends on all Sporcle quizzes.
OR
Log In

Sporcle TV

Today on Sporcle TV


Watch our educational content, quiz creation guides, and fun videos on Sporcle TV.

Show Comments

Extras

Top Quizzes Today


Score Distribution

Paid Content

Your Account Isn't Verified!

In order to create a playlist on Sporcle, you need to verify the email address you used during registration. Go to your Sporcle Settings to finish the process.

Report this User

Report this user for behavior that violates our Community Guidelines.

Details: